Хубост за бъдни векове (Запис номер 44383)
[ съкратено ]
| 000 -Лидер | |
|---|---|
| Контролно поле с фиксирана дължина | 01518nam a2200349 c 4500 |
| 003 - Код на организацията, давaща контролен номер | |
| Контролно поле | BLK |
| 005 - Дата и час на последна редакция | |
| Контролно поле | 20180519141411.0 |
| 008 - Елементи от данни с фиксирана дължина | |
| fixed length control field | 180408b bul|||||r ||||||| ||bul|| |
| 010 ## - Наследен системен номер | |
| LC control number | KNG00048150000 |
| 040 ## - Източник на каталожния запис | |
| Идентификатор на билиотеката - собственик на записа | BLK |
| 041 ## - Код за език | |
| Код за езика на текст/звукозапис или на отделно заглавие | Български |
| Код за езика КДБФ | Български |
| 080 ## - УДК | |
| Текстов определител УДК | Етнология. Етнография. Нрави. Обичаи. Бит. Фолклористика. Вж и 572 ; 903 ; 904 |
| УДК код - определител по УДК | 39 |
| УДК определител | (497.2)(02.053) |
| УДК - код + определител | 39(497.2)(02.053) |
| 100 1# - Редна дума - Автор | |
| Автор | Йорданова, Лозинка Симеонова |
| Авторска отговорност | първи автор |
| R(LIN) | 246417 |
| 139 ## - Редно поле | |
| Редна дума | Йорданова, Лозинка Симеонова |
| Авторски знак | Иорд - И 83 |
| 245 10 - Сведения за заглавието | |
| Заглавие | Хубост за бъдни векове |
| Подзаглавни данни | Науч.-худож. кн. за нар. обичаи и обреди : За деца |
| Редно поле (дума) | Лозинка Симеонова Йорданова. |
| 257 ## - Страна на издаване | |
| Страна на създаване/издаване | България |
| 260 ## - Област на издателските данни | |
| -- | София |
| Име на издателя, разпространителя и проч. | Отечество |
| Година на издаване | 1983 |
| 300 ## - Физическа характеристика | |
| Страници | 224 с. |
| Илюстрации и др. | с ил., 24 л. цв. ил. |
| Размери/Мащаб | 22 см |
| 380 ## - Жанр | |
| Жанр | Обществени науки |
| 500 ## - Общи забележки | |
| Забележка | Авт. не е отбелязана на кор. - 17 115 тир. |
| 650 #4 - Допълнително описание по предмет – тема | |
| Основно описание – тема или топоним | Обреди и обичаи, български |
| 9 (RLIN) | 241811 |
| 650 #4 - Допълнително описание по предмет – тема | |
| Основно описание – тема или топоним | Народно творчество, българско |
| 9 (RLIN) | 245232 |
| 651 #4 - Допълнително описание по предмет - топоним | |
| Географско понятие | България |
| 9 (RLIN) | 241624 |
| 653 ## - Ключова дума – ненормативна | |
| Ключова дума | народно творчество |
| 653 ## - Ключова дума – ненормативна | |
| Ключова дума | обреди |
| 653 ## - Ключова дума – ненормативна | |
| Ключова дума | народни обичаи |
| 852 ## - Местоположение | |
| Форматна сигнатура | Цб 124312 |
| 856 4# - Електронен адрес и достъп | |
| Електронен формат | pdf - файл |
| Път до файла /url/ | |
| 856 4# - Електронен адрес и достъп | |
| Електронен формат | pdf - файл |
| Път до файла /url/ | |
| 942 ## - АРТИКУЛИ | |
| Вид на библиотечния материал | Книги |
| Скрит в OPAC | Не |
| Koha issues (borrowed), all copies | 1 |
| 944 ## - СЪЗДАВАНЕ И РЕДАКЦИЯ на ЗАПИСА | |
| Създаване/Редакция | Създаване |
| Дата на регистрацията/редакция | 09.02.2005 |
| Статус, дата на статуса | ф / |
| Служител, извършил регистрацията/редакцията | Цветанка_Енчева |
| 944 ## - СЪЗДАВАНЕ И РЕДАКЦИЯ на ЗАПИСА | |
| Създаване/Редакция | Редакция |
| Дата на регистрацията/редакция | 27.06.2016 |
| Статус, дата на статуса | ф / |
| Служител, извършил регистрацията/редакцията | Нора_Радева |
| 999 ## - СИСТЕМНИ КОНТРОЛНИ НОМЕРА | |
| Koha biblionumber | 44383 |
| Koha biblioitemnumber | 44383 |
| Код за отписване | Код за изгубен артикул | Код за повреда | Коз за рестрикции | Код за отдаване | Артикулен № | Име на библиотеката - собственик | Име на библиотеката, в която се намира в момента | Статус (Текущо местоположение) | Дата на вписване в системата | Местоположение - отдел | Цена в лева | Инвентарен номер | Систематично азбучна сигнатура | Баркод | Номер на екземпляра | Цена в евро | Служебна бележка | Служебен тип на артикула | Източник на класификационната схема |
|---|---|---|---|---|---|---|---|---|---|---|---|---|---|---|---|---|---|---|---|
| Изтеглен | Не е изгубен | Не е повреден | без рестрикции | заемане за дома | 69939 | Регионална библиотека "Любен Каравелов" Русе | Регионална библиотека "Любен Каравелов" Русе | Заемна - подръчен фонд | 2005-02-09 | Заемна - подръчен фонд | 3.00 | 120000691679 | П 39/И 83 | 120000691679 | 1 | 1.53 | Дост: DA Вид: А N: 3 Дата: 07.02.2005 Дата инв: 08.02.2018 Бележки инв: П2018 | Книги | |
| Не е изгубен | Не е повреден | без рестрикции | ползва се в читалня | 69940 | Регионална библиотека "Любен Каравелов" Русе | Регионална библиотека "Любен Каравелов" Русе | Хранилище | 1983-01-01 | Основен фонд - ползва се само за читалня | 1.68 | 388597 | Цб 124312 | 120000388597 | 2 | 0.86 | Дост: Dp Вид: Д N: стар фонд Дата: 01.01.1983 | Книги | Universal Decimal Classification | |
| Изтеглен | Не е изгубен | Не е повреден | без рестрикции | заемане за дома | 69941 | Регионална библиотека "Любен Каравелов" Русе | Регионална библиотека "Любен Каравелов" Русе | Заемна - подръчен фонд | 1983-01-01 | Заемна - подръчен фонд | 4.00 | 643577 | П 39/И 83 | 643577 | 3 | 2.05 | Дост: Pk Вид: Ф N: стар фонд Дата: 01.01.1983 Дата инв: 08.02.2018 Бележки инв: П2018 | Книги | Universal Decimal Classification |
| Изтеглен | Не е изгубен | Не е повреден | без рестрикции | заемане за дома | 69942 | Регионална библиотека "Любен Каравелов" Русе | Регионална библиотека "Любен Каравелов" Русе | Детски отдел | 1983-01-01 | Детски отдел | 1.68 | 390021 | ДН 39/И 83 | 390021 | 4 | 0.86 | Дост: Pk Вид: Ф N: стар фонд Дата: 01.01.1983 Дата инв: 24.08.2015 Бележки инв: Д2015 | Книги | Universal Decimal Classification |
| Изтеглен | Не е изгубен | Не е повреден | без рестрикции | заемане за дома | 69943 | Регионална библиотека "Любен Каравелов" Русе | Регионална библиотека "Любен Каравелов" Русе | Детски отдел | 1983-01-01 | Детски отдел | 1.68 | 390022 | ДН 39/И 83 | 390022 | 5 | 0.86 | Дост: Pk Вид: Ф N: стар фонд Дата: 01.01.1983 Дата инв: 24.08.2015 Бележки инв: Д2015 | Книги | Universal Decimal Classification |